00631 2200193 4500001002100000005001500021035002000036007000300056008004100059020002200100082000800122084001400130100001700144245012900161250003500290260004600325300004400371650002200415INLIS00000000000098620250307022915 a0010-0325000048ta250307 g 0 ind  a978-623-97666-8-9 a590 a590 NUR a0 aNur Khasanah1 aAnatomi dan Fisiologi Hewan dalam Perspektif Unity of Sciences /cNur Khasanah (Penulis); Galih Kholifatun Nisa (Penyunting) aCetakan Pertama, November 2021 aSemarang :bAlinea Media Dipantara,c2021 a200 Halaman :bIlustrasi; teks ;c21 cm 4aBinatang-Binatang